[Event "37th Olympiad w"]
[Site "Turin ITA"]
[Date "2006.06.03"]
[Round "12"]
[White "Zatonskih,A"]
[Black "Zhao Xue"]
[Result "1/2-1/2"]
[WhiteElo "2433"]
[BlackElo "2423"]

1.Nf3 Nf6 2.c4 e6 3.g3 d5 4.d4 Be7 5.Bg2 O-O 6.O-O dxc4 7.Qc2 a6 8.a4 Bd7
9.Qxc4 Bc6 10.Bg5 Bd5 11.Qc2 Be4 12.Qc1 h6 13.Bxf6 Bxf6 14.Nc3 Bxf3 15.Bxf3 c6
16.e3 a5 17.Rd1 Qb6 18.Qc2 Nd7 19.Rac1 Rfd8 20.Bg2 Be7 21.Ne4 Qb4 22.Rd3 Qb6
23.Nd2 Qa7 24.Ne4 Rac8 25.Rdd1 Qb8 26.Qb3 Qa7 27.h4 Nb6 28.Nc3 Na8 29.Be4 Nb6
30.Bb1 Nd7 31.Qc2 Nf8 32.Qb3 Qb8 33.Kg2 Rd7 34.Be4 Rdd8 35.Bb1 Rd7 36.Be4 Rdd8
37.Ne2 Nd7 38.Bb1 Nf6 39.Nf4 Rc7 40.Qc2 Bd6 41.Nd3 Rcd7 42.Qb3 e5 43.dxe5 Bxe5
44.Nc5 Rd2 45.Rxd2 Rxd2 46.Rc2 Rxc2 47.Qxc2 Qc7 48.Nd3 Bd6 49.Ba2 Qe7 50.Ne1 Qe4+
51.Qxe4 Nxe4 52.Nd3 Kf8 53.Kf3 Nc5 54.Nxc5 Bxc5 55.h5 Ke7 56.Ke4 Bb4 57.g4 Be1
58.f3 Bd2 59.Bc4 Bc1 60.b3 Bd2 61.f4 f6 62.Be2 Kd6 63.Kd4 Bc1 64.Bf1 Bb2+
65.Kc4 Bc1 66.Kd4 Bd2 67.Bc4 Bc1 68.Bf1 Bd2 69.Bc4 Bc1 70.Bf1  1/2-1/2

[Event "TCh-NOR"]
[Site "Oslo NOR"]
[Date "2006.06.09"]
[Round "3"]
[White "Romsdal,T"]
[Black "Thorstensen,T"]
[Result "1/2-1/2"]
[WhiteElo "2215"]
[BlackElo "2238"]

1.Nf3 d5 2.d4 Nf6 3.c4 e6 4.g3 Be7 5.Bg2 Nbd7 6.b3 O-O 7.O-O Ne4 8.Bb2 c6
9.Nfd2 f5 10.Nxe4 fxe4 11.f3 exf3 12.exf3 dxc4 13.bxc4 Qb6 14.Qe2 Bf6 15.Rd1 c5
16.Qf2 cxd4 17.Bxd4 Bxd4 18.Qxd4 e5 19.Qf2 Qxf2+ 20.Kxf2 Nb6 21.c5 Na4 22.Rd5 Bf5
23.Rxe5 Rac8 24.Nd2 Rxc5 25.Rxc5 Nxc5 26.f4 Rd8 27.Nb3 b6 28.Nxc5 Rd2+ 29.Kg1 bxc5
30.Rc1 Be6 31.Rxc5 Bxa2 32.Rc8+ Kf7 33.Rc7+ Kf6 34.Be4 Rd1+ 35.Kg2 Rd2+ 36.Kg1 Rd1+
37.Kg2 Rd2+ 38.Kh3 Be6+ 39.f5 Bd7 40.Rxa7 g6 41.g4 gxf5 42.Bxf5 Bxf5 43.gxf5 Kxf5
44.Rxh7  1/2-1/2

[Event "ch-FIN"]
[Site "Helsinki FIN"]
[Date "2006.06.10"]
[Round "1"]
[White "Parkkinen,J"]
[Black "Maki Uuro,Mi"]
[Result "0-1"]
[WhiteElo "2218"]
[BlackElo "2407"]

1.d4 e6 2.Nf3 Nf6 3.c4 d5 4.g3 Be7 5.Bg2 O-O 6.O-O c6 7.Qc2 b6 8.Nbd2 Bb7
9.e4 a5 10.b3 Na6 11.Bb2 Rc8 12.a3 Rc7 13.Rac1 Qa8 14.Rfd1 Rd8 15.Ne1 dxe4
16.Nxe4 Rcd7 17.Nd3 c5 18.Nxf6+ Bxf6 19.Bxb7 Qxb7 20.dxc5 Qe4 21.Bxf6 gxf6
22.cxb6 Rxd3 23.Rxd3 Rxd3 24.c5 Qd4 25.Qe2 Rd2 26.Qf3 Nxc5 27.Rc4 Qa1+ 28.Kg2 Rd5
29.Rxc5 Rxc5 30.Qa8+ Kg7 31.b7 Rb5 32.b8=Q Rxb8 33.Qxb8 Qxa3 34.Qb5 f5 35.h4 h6
36.Qe5+ Kg8 37.Qb8+ Qf8 38.Qe5 Qa8+ 39.Kg1 Qd5 40.Qc3 Qb5 41.Qc8+ Kh7 42.Qc7 Kg7
43.Qc3+ Kg6 44.Kg2 Qd5+ 45.Kh2 e5 46.Qe3 Qd4 47.Qe1 f4 48.gxf4 Qxf4+ 49.Kh3 Qf3+
50.Kh2 f6 51.Qb1+ Kh5 52.Qa2 Kxh4 53.Qxa5 Qxf2+ 54.Kh1 Kg3  0-1

[Event "10th Heraclion Open"]
[Site "Athens GRE"]
[Date "2006.06.12"]
[Round "3"]
[White "Mastrokoukos,G"]
[Black "Ponirakis,D"]
[Result "1-0"]
[WhiteElo "2324"]
[BlackElo "1985"]

1.d4 d5 2.c4 e6 3.Nf3 Nf6 4.g3 Be7 5.Bg2 O-O 6.O-O dxc4 7.Qc2 a6 8.a4 Bd7
9.Qxc4 Bc6 10.Bg5 Nbd7 11.Nc3 h6 12.Bxf6 Nxf6 13.Rfe1 Bd5 14.Qd3 c5 15.e4 Bc6
16.d5 exd5 17.exd5 Nxd5 18.Nxd5 Bxd5 19.Rxe7 Qxe7 20.Qxd5 Rfd8 21.Qb3 Rab8
22.a5 Qc7 23.Bf1 b5 24.axb6 Rxb6 25.Qc3 Rdb8 26.Bc4 Rxb2 27.Rxa6 Rb1+ 28.Kg2 Re8
29.Rg6 Kf8 30.Qxg7+ Ke7 31.Re6+ Kd8 32.Qf6+ Re7 33.Rd6+  1-0

[Event "VIII Open"]
[Site "Salou ESP"]
[Date "2006.06.12"]
[Round "6"]
[White "Rofes Barcelo,J"]
[Black "Capo Vidal,U"]
[Result "0-1"]
[WhiteElo "2113"]
[BlackElo "2357"]

1.d4 d5 2.Nf3 Nf6 3.c4 e6 4.g3 Be7 5.Bg2 O-O 6.O-O dxc4 7.Qc2 a6 8.a4 Bd7
9.Qxc4 Bc6 10.Nc3 Nbd7 11.Rd1 Rc8 12.e4 Bxe4 13.Nxe4 Nxe4 14.Ne5 Nxe5 15.Qe2 Ng6
16.Bxe4 c6 17.h4 Bf6 18.Be3 Ne7 19.Bg5 Nf5 20.Bxf5 exf5 21.Be3 Re8 22.Qf3 Qd5
23.Qxd5 cxd5 24.Rac1 Be7 25.Kg2 Bb4 26.Kf3 f6 27.Kf4 g6 28.Kf3 Kf7 29.Rxc8 Rxc8
30.Rc1 Rc6 31.Ke2 Ke6 32.f3 Kd7 33.g4 fxg4 34.fxg4 Rxc1 35.Bxc1 Ke6 36.h5 gxh5
37.gxh5 Kf5 38.Kf3 Be1 39.Be3 Bh4 40.b3 Bg5 41.Bf2 Bc1 42.Bh4 Bd2  0-1

[Event "ch-StP"]
[Site "St Petersburg RUS"]
[Date "2006.06.12"]
[Round "10"]
[White "Yevseev,D"]
[Black "Ivanov,Al3"]
[Result "1/2-1/2"]
[WhiteElo "2580"]
[BlackElo "2375"]

1.d4 Nf6 2.c4 e6 3.Nf3 d5 4.g3 Be7 5.Bg2 O-O 6.O-O dxc4 7.Nc3 Nc6 8.e3 a6
9.Qa4 Nb4 10.Ne5 Rb8 11.a3 Nd3 12.Qxc4 Nxe5 13.dxe5 Nd7 14.f4 b5 15.Qe2 c5
16.e4 c4 17.Kh1 Bb7 18.Be3 Qc7 19.g4 Rbd8 20.g5 Bc5 21.Nd1 Bxe3 22.Qxe3 Qc5
23.Qg3 Qd4 24.Nf2 Nc5 25.Rae1 Qxb2 26.Ng4 Qd4 27.f5 Nxe4 28.Rxe4 Bxe4 29.Nf6+ Kh8
30.Nxe4 exf5 31.Rxf5 Qd3 32.Rf1 Qxg3 33.hxg3 g6 34.Nd6 Kg7 35.Bb7 Rd7 36.Bxa6 Re7
37.Bxb5 c3 38.Rc1 Rxe5 39.Rxc3 Rd8 40.Ne8+ Rdxe8 41.Bxe8 Rxe8 42.a4 Re5  1/2-1/2

[Event "Open A"]
[Site "Voronezh RUS"]
[Date "2006.06.14"]
[Round "3"]
[White "Guseva,O"]
[Black "Okrugin,S"]
[Result "0-1"]
[WhiteElo "2247"]
[BlackElo "2355"]

1.d4 Nf6 2.c4 e6 3.g3 d5 4.Bg2 Be7 5.Nf3 O-O 6.O-O dxc4 7.Qc2 a6 8.a4 c5
9.dxc5 Bxc5 10.Qxc4 Nbd7 11.Na3 b5 12.Qc2 Bb7 13.Bg5 Rc8 14.Qd3 bxa4 15.Nc4 Bc6
16.Nd6 Rb8 17.e4 Rb3 18.Qc2 Qa8 19.Ne5 Nxe5 20.Qxc5 Nd3 21.Qe3 Ng4 22.Qe2 Nge5
23.Qh5 Qa7 24.Bh3 Qd7 25.Nf5 exf5 26.Bxf5 g6 27.Qh6 Qd6 28.Be3 f6 29.f4 Nf7
30.Qh3 gxf5 31.Qxf5 Rb5 32.Qg4+ Kh8 33.f5 Nfe5 34.Qh4 Rb4 35.Bh6 Rg8  0-1

[Event "10th Heraclion Open"]
[Site "Athens GRE"]
[Date "2006.06.16"]
[Round "7"]
[White "Kalpakas,G"]
[Black "Sigalas,F"]
[Result "1/2-1/2"]
[WhiteElo "2009"]
[BlackElo "2191"]

1.d4 e6 2.c4 Nf6 3.g3 d5 4.Bg2 Be7 5.Nf3 O-O 6.O-O dxc4 7.Qc2 a6 8.a4 Bd7
9.Qxc4 Bc6 10.Bg5 a5 11.Nc3 Nbd7 12.Ne5 Bxg2 13.Kxg2 Nb6 14.Qd3 Nfd7 15.Bxe7 Qxe7
16.Nxd7 Qxd7 17.Rfd1 Rfd8 18.Qf3 Nd5 19.e4 Nxc3 20.Qxc3 c6 21.Qc5 Qd6 22.Rac1 Rd7
23.Qb6 g6 24.Rc5 Ra6 25.Qb3 Qe7 26.Qc3 Qd8 27.d5 exd5 28.exd5 Ra8 29.Qb3 cxd5
30.Rcxd5 Rxd5 31.Rxd5 Qe7 32.Qf3 b6 33.Rb5 Rb8 34.h4 h5 35.Qc6 Kg7 36.b3 Qd8
37.Rd5 Rc8 38.Qb5 Qf6 39.Rd3  1/2-1/2

[Event "Open A"]
[Site "Voronezh RUS"]
[Date "2006.06.18"]
[Round "6"]
[White "Khismatullin,D"]
[Black "Zontakh,A"]
[Result "0-1"]
[WhiteElo "2584"]
[BlackElo "2553"]

1.Nf3 Nf6 2.c4 e6 3.g3 d5 4.Bg2 Be7 5.d4 O-O 6.Nbd2 c5 7.cxd5 Nxd5 8.O-O Nc6
9.dxc5 Bxc5 10.a3 Be7 11.e4 Nb6 12.e5 Qd3 13.Re1 Rd8 14.Re3 Qf5 15.Qe1 Bd7
16.Re4 Be8 17.g4 Qg6 18.h4 h6 19.g5 h5 20.Nf1 Bf8 21.Ng3 Ne7 22.Nd4 Nf5 23.Ndxf5 exf5
24.Rf4 Bc6 25.Rxf5 Bxg2 26.Kxg2 Rd4 27.Rf4 Rad8 28.Be3 Qc6+ 29.Kg1 Rxf4 30.Bxf4 Rd4
31.Rc1 Qd7 32.Ne2 Qg4+ 33.Bg3 Re4 34.Rc2 Nc4 35.Qc3 Nxe5 36.Kg2 Ng6 37.Ng1 Nxh4+
38.Kh2 Qxg5 39.Qd3 Qf5 40.f3 Rd4 41.Qxd4 Qxc2+ 42.Qf2 Qxf2+ 43.Bxf2 Nf5 44.Bxa7 Bd6+
45.Kh3 Be5 46.b4 b5 47.Ne2 f6 48.Nc1 Bb2 49.Nd3 Bxa3 50.Bf2 Kf7 51.Be1 g5
52.Bc3 Ne7 53.Kg3 Kg6 54.Be1 Kf5 55.Bc3 Nc6 56.Kg2 Ne5 57.Nc5 Ng6 58.Kf2 Nf4
59.Bd2 Nd5 60.Nd3 Nb6 61.Bc3 h4 62.Kg2 Nd7 63.Bd2 Ke6 64.Nf2 Ne5 65.Bc3 Bc1
66.Ne4 Nd7 67.Be1 Kd5 68.Kh3  0-1

[Event "20th Open"]
[Site "Pula CRO"]
[Date "2006.06.22"]
[Round "6"]
[White "Saric,A"]
[Black "Perhinig,R"]
[Result "1-0"]
[WhiteElo "2474"]
[BlackElo "2203"]

1.d4 d5 2.c4 e6 3.Nf3 Be7 4.g3 Nf6 5.Bg2 O-O 6.O-O dxc4 7.Ne5 c5 8.dxc5 Nbd7
9.Nxc4 Nxc5 10.Nc3 Qxd1 11.Rxd1 Bd7 12.Na5 Rfd8 13.Bf4 b6 14.Bxa8 Rxa8 15.Nb3 Nxb3
16.axb3 Bc6 17.Bd6 Kf8 18.b4 Bd7 19.b5 Ne8 20.Ba3 Bc8 21.Rd4 a5 22.bxa6 Bxa6
23.Ra4 Nc7 24.e4 f6 25.f3 Kf7 26.Bxe7 Kxe7 27.Kf2 Kd6 28.Nb5+ Nxb5 29.Rxa6 Rb8
30.Rd1+ Kc6 31.Raa1 Nd6 32.Rac1+ Kd7 33.f4 e5 34.Rd5 b5 35.Rcd1  1-0

[Event "White Nights Open"]
[Site "St Petersburg RUS"]
[Date "2006.06.26"]
[Round "4"]
[White "Smirnov,Sergei"]
[Black "Ivanov,Al3"]
[Result "1/2-1/2"]
[WhiteElo "2283"]
[BlackElo "2375"]

1.Nf3 Nf6 2.c4 e6 3.g3 d5 4.Bg2 Be7 5.d4 O-O 6.O-O dxc4 7.Qc2 a6 8.a4 Bd7
9.Qxc4 Bc6 10.Bg5 a5 11.Nc3 Na6 12.Rfd1 Nb4 13.Bxf6 Bxf6 14.e4 b6 15.Rac1 Bb7
16.Qe2 Rc8 17.h4 Qe8 18.Nh2 Ba6 19.Qf3 c5 20.e5 Be7 21.Ng4 cxd4 22.Rxd4 Nd5
23.Rcd1 Nxc3 24.bxc3 Kh8 25.Rb1 Bc5 26.Nf6 Be2 27.Qf4 gxf6 28.Qxf6+  1/2-1/2

[Event "White Nights Open"]
[Site "St Petersburg RUS"]
[Date "2006.06.29"]
[Round "7"]
[White "Bystryakova,E"]
[Black "Rumiantseva,M"]
[Result "1-0"]
[WhiteElo "2191"]
[BlackElo "2017"]

1.d4 Nf6 2.Nf3 e6 3.g3 d5 4.c4 Be7 5.Bg2 O-O 6.O-O Nbd7 7.Nbd2 c6 8.Qc2 b6
9.e4 dxe4 10.Nxe4 Nxe4 11.Qxe4 Bb7 12.Bf4 Nf6 13.Qc2 c5 14.Rfd1 Qc8 15.dxc5 Qxc5
16.a3 Be4 17.Qe2 Qh5 18.Bd6 Bxd6 19.Rxd6 Rad8 20.Rad1 Rxd6 21.Rxd6 Qc5 22.Qd1 Ng4
23.Qd4 Qxd4 24.Nxd4 Bxg2 25.Kxg2 Ne5 26.b3 g5 27.f4 gxf4 28.gxf4 Ng6 29.Kf3 Rc8
30.Nc6 Rc7 31.Ke4 Kg7 32.Nd4 Re7 33.Nb5 Nh4 34.Rd8 e5 35.f5 Kf6 36.Nc3 Kg5
37.Nd5 Rb7 38.Rg8+ Kh6 39.Rg4  1-0

[Event "Midnight Sun"]
[Site "Tromso NOR"]
[Date "2006.06.30"]
[Round "7"]
[White "Akesson,R"]
[Black "Rozentalis,E"]
[Result "1/2-1/2"]
[WhiteElo "2472"]
[BlackElo "2596"]

1.d4 Nf6 2.c4 e6 3.g3 d5 4.Bg2 Be7 5.Nf3 O-O 6.O-O dxc4 7.Qc2 a6 8.a4 Bd7
9.Qxc4 Bc6 10.Bg5 a5 11.Nc3 Na6 12.Bxf6 Bxf6 13.e4 Nb4 14.Rfd1 b6 15.Ne1 Bb7
16.e5 Bd5 17.Nxd5 exd5 18.Qc3 Be7 19.Nd3 Qd7 20.b3 c6 21.Rac1 Rac8 22.Nxb4 Bxb4
23.Qd3 Rfd8 24.Rc2 g6 25.h4 Qe7 26.Kh2 Kg7 27.f4 f5 28.Qa6 Qc7 29.Rdc1 c5
30.Rd1 Qc6 31.dxc5 bxc5 32.Qxc6 Rxc6 33.Rxd5 Rxd5 34.Bxd5 Rc8 35.Rc1 Rd8
36.Rd1 h5 37.Kg2 Kf8 38.Kf3 Ke7 39.Ke2 Kf8 40.Rd3 Ke7 41.Kf2 Kf8 42.Kf1 Ke7
43.Ke2  1/2-1/2

[Event "Pivdenny Bank Geller Mem"]
[Site "Odessa UKR"]
[Date "2006.07.02"]
[Round "2"]
[White "Beliavsky,A"]
[Black "Lautier,J"]
[Result "1-0"]
[WhiteElo "2622"]
[BlackElo "2682"]

1.d4 Nf6 2.c4 e6 3.Nf3 d5 4.g3 Be7 5.Bg2 O-O 6.O-O dxc4 7.Qc2 a6 8.Qxc4 b5
9.Qc2 Bb7 10.Bd2 Nbd7 11.Ba5 Rc8 12.Nbd2 Nb8 13.a3 Nc6 14.Bc3 b4 15.axb4 Nxb4
16.Qa4 Bc6 17.Qa5 Rb8 18.Rfc1 Rb5 19.Qa4 Rb8 20.Qd1 Bd5 21.Ne5 Bxg2 22.Kxg2 c5
23.dxc5 Bxc5 24.Qa4 Be7 25.Ndf3 Qe8 26.Ne1 Qxa4 27.Rxa4 Rfc8 28.N1d3 Nxd3
29.Nxd3 Rc6 30.Bxf6 Rxc1 31.Bxe7 Rc6 32.b4 f6 33.Bc5 Rd8 34.f4 Kf7 35.Kf3 h6
36.g4 g5 37.f5 exf5 38.gxf5 Rd5 39.Ke4 Rd8 40.Ra3 h5 41.Kf3 Rb8 42.e4 Re8
43.Ra1 Kg7 44.h4 gxh4 45.Nf4 Kf7 46.Ne6 Rg8 47.Rh1 Rg3+ 48.Kf2 Rc8 49.Rxh4 Rcg8
50.Rxh5 R8g4 51.Rh7+ Kg8 52.Ra7 Rb3 53.e5 Rc4 54.Nd4 Rb2+ 55.Kf3 fxe5 56.f6 Rc3+
57.Ke4 Rf2 58.Nf5 Rc4+ 59.Kxe5  1-0

[Event "ch-CHN"]
[Site "Wuxi CHN"]
[Date "2006.07.02"]
[Round "7"]
[White "Zhang Zhong"]
[Black "Wang Yue"]
[Result "1/2-1/2"]
[WhiteElo "2640"]
[BlackElo "2598"]

1.c4 e6 2.Nf3 d5 3.g3 Nf6 4.d4 Be7 5.Bg2 O-O 6.O-O dxc4 7.Qc2 a6 8.Qxc4 b5
9.Qc2 Bb7 10.Bg5 Nbd7 11.Rd1 Rc8 12.Nc3 Qe8  1/2-1/2

[Event "Open"]
[Site "Marseille FRA"]
[Date "2006.07.03"]
[Round "4"]
[White "Fridman,D2"]
[Black "Malakhatko,V"]
[Result "1/2-1/2"]
[WhiteElo "2562"]
[BlackElo "2559"]

1.d4 Nf6 2.Nf3 e6 3.c4 d5 4.g3 Be7 5.Bg2 O-O 6.O-O dxc4 7.Qc2 a6 8.a4 Bd7
9.Qxc4 Bc6 10.Bg5 a5 11.Bxf6 Bxf6 12.Nc3 Bxf3 13.Bxf3 c6 14.Qb3 Na6 15.e3  1/2-1/2

[Event "REDA IM"]
[Site "Brno CZE"]
[Date "2006.07.05"]
[Round "7"]
[White "Cech,P"]
[Black "Kulovana,E"]
[Result "1-0"]
[WhiteElo "2416"]
[BlackElo "2131"]

1.d4 d5 2.Nf3 Nf6 3.c4 e6 4.g3 Be7 5.Bg2 O-O 6.O-O dxc4 7.Qc2 a6 8.Qxc4 b5
9.Qc2 Bb7 10.Bg5 Nbd7 11.Nbd2 Rc8 12.Bxf6 gxf6 13.Ng5 fxg5 14.Bxb7 Rb8 15.Bc6 Nf6
16.Nb3 Nd5 17.a3 Rb6 18.e4 Nf6 19.Rac1 e5 20.dxe5 Ng4 21.Rfd1 Qb8 22.Rd5 Qa7
23.Qe2 f5 24.exf5 Rxf5 25.Qxg4 Rxf2 26.Kxf2 Rxc6+ 27.Kg2 Rxc1 28.Nxc1 Qe3
29.Ne2 Bc5 30.Qe6+  1-0

[Event "35th TCh-GRE"]
[Site "Ermioni GRE"]
[Date "2006.07.05"]
[Round "3"]
[White "Pashos,A"]
[Black "Giannopoulos,M"]
[Result "1/2-1/2"]
[WhiteElo "2019"]
[BlackElo "1875"]

1.d4 d5 2.c4 Nf6 3.Nf3 e6 4.g3 Be7 5.Bg2 O-O 6.Nbd2 b6 7.Ne5 Bb7 8.Qa4 Nfd7
9.Ndf3 c5 10.O-O dxc4 11.Qxc4 Nc6 12.Bf4 Rc8 13.Nxd7 Qxd7 14.dxc5 Bxc5 15.Qa4 Qe7
16.Ne5 Nd4 17.e3  1/2-1/2

[Event "3rd South Wales Int"]
[Site "Caerleon WLS"]
[Date "2006.07.09"]
[Round "3"]
[White "Broomfield,M"]
[Black "Radovanovic,J"]
[Result "1/2-1/2"]
[WhiteElo "2325"]
[BlackElo "2366"]

1.d4 Nf6 2.c4 e6 3.g3 d5 4.Bg2 Be7 5.Nf3 O-O 6.O-O c6 7.Qc2 b6 8.Nbd2 Bb7
9.b3 Nbd7 10.Rd1 Rc8 11.e4 Ba8 12.Bb2 dxe4 13.Nxe4 Nxe4 14.Qxe4 Qc7 15.c5 Nf6
16.Qe2 Nd5 17.Rac1 Bb7 18.Re1 Rfd8 19.Ne5 Bf6 20.Be4 Bxe5 21.dxe5 Nb4 22.Bxh7+ Kxh7
23.Qe4+ Kg8 24.Qxb4 Rd5 25.Bd4 Qd7 26.Re4 Rd8 27.Be3 Rd1+ 28.Kg2 Ba6 29.h3 Bd3
30.Rxd1 Bxe4+ 31.Qxe4 Qxd1 32.cxb6 axb6 33.Qxc6 Qb1 34.Bxb6 Rd1 35.g4 Qxa2
36.Qe8+ Kh7 37.Qxf7 Qxb3 38.Qh5+ Kg8 39.Qe8+ Kh7 40.Qh5+ Kg8 41.Be3  1/2-1/2

[Event "COQ"]
[Site "Montreal CAN"]
[Date "2006.07.10"]
[Round "4"]
[White "Kleinplatz,S"]
[Black "Sullivan,N"]
[Result "1-0"]
[WhiteElo "2266"]
[BlackElo "2123"]

1.d4 d5 2.c4 e6 3.Nf3 Nf6 4.g3 Be7 5.Bg2 O-O 6.O-O Nbd7 7.Qc2 c5 8.cxd5 Nxd5
9.Rd1 Qc7 10.a3 Bf6 11.Nbd2 cxd4 12.Qxc7 Nxc7 13.Ne4 e5 14.e3 Be7 15.exd4 exd4
16.Nxd4 Nc5 17.Bf4 Nd5 18.Bd6 Nxe4 19.Bxe7 Nxe7 20.Bxe4 f5 21.Bf3 f4 22.g4 Rd8
23.Ne2 Bd7 24.Nxf4 Bc6 25.Bxc6 Nxc6 26.Rd5 Rxd5 27.Nxd5 Ne5 28.Rc1 Rd8 29.Rc8 Rxc8
30.Ne7+ Kf8 31.Nxc8 a6 32.Nd6 b6 33.h3 Nd7 34.Kf1 Ke7 35.Ne4 Ne5 36.Ke2 Nc4
37.Kd3 Nxb2+ 38.Kc3 Na4+ 39.Kb4 Nb2 40.Kc3 Na4+ 41.Kb3 b5 42.Kb4 Nb2 43.Nc5 Kd6
44.Nxa6 Nd3+ 45.Kxb5 Nxf2 46.a4 Nxh3 47.a5 Nf2 48.Nc5 Nxg4 49.a6 Nf6 50.a7 Nd5
51.Na6 Nc3+ 52.Ka5  1-0

[Event "COQ"]
[Site "Montreal CAN"]
[Date "2006.07.11"]
[Round "5"]
[White "Bolduc,S"]
[Black "Fillion,S"]
[Result "1-0"]
[WhiteElo "2177"]
[BlackElo "2147"]

1.d4 Nf6 2.Nf3 e6 3.c4 d5 4.g3 Be7 5.Bg2 O-O 6.O-O c6 7.b3 Nbd7 8.Bb2 b6
9.Qc2 Bb7 10.Nc3 Rc8 11.Rad1 b5 12.c5 b4 13.Na4 Ba6 14.Ne1 Bb5 15.Nd3 a5
16.a3 bxa3 17.Bxa3 Qc7 18.Bc1 Qb7 19.Bd2 Bd8 20.Ra1 Bc7 21.Nc3 Bxd3 22.exd3 Ra8
23.f4 Rfb8 24.Rfb1 Qc8 25.Ra3 Rb7 26.Ne2 Qb8 27.Rba1 Rba7 28.Bc3 Qb5 29.Nc1 Ra6
30.Ra4 Qb7 31.Qd2 Ne8 32.Bh3 g6 33.Qe1 Nf8 34.Kf2 R8a7 35.Bxa5 Bxa5 36.Rxa5 Rxa5
37.Rxa5 Rxa5 38.Qxa5 Nc7 39.Bg4 Nb5 40.Ke3 Kg7 41.Bd1 Nd7 42.b4 Nf6 43.h3 Ne8
44.Ba4 Nec7 45.Bxb5 Nxb5 46.Nb3 Qa7 47.g4 Qxa5 48.Nxa5 Na7 49.g5 Kf8 50.Nb3 Ke8
51.Nd2 Nc8 52.Nf3 Ne7 53.Kd2 Nc8 54.Ne5 Na7 55.Kc2 Ke7 56.Kb3 f6 57.Nf3 f5
58.Ne5 Kd8 59.h4 Kc7 60.Ka4 Nb5 61.Nxg6 Nc3+ 62.Ka5 Ne2 63.h5 Ng3 64.h6 Nh5
65.Ne5 Nxf4  1-0

[Event "16th Heart of Finland Open"]
[Site "Jyvaskyla FIN"]
[Date "2006.07.12"]
[Round "3"]
[White "Meskanen,V"]
[Black "Maki Uuro,Mi"]
[Result "0-1"]
[WhiteElo "2125"]
[BlackElo "2400"]

1.d4 Nf6 2.Nf3 e6 3.g3 d5 4.Bg2 Be7 5.c4 O-O 6.O-O c6 7.b3 b6 8.Bb2 a5 9.Nc3 Ba6
10.cxd5 cxd5 11.Re1 Nc6 12.Ne5 Rc8 13.Rc1 Nxe5 14.dxe5 Nd7 15.f4 Nc5 16.a3 d4
17.Ne4 d3 18.exd3 Nxd3 19.Rxc8 Qxc8 20.Bd4 Nxe1 21.Nf6+ Bxf6 22.exf6 Nd3
23.fxg7 Rd8 24.Bxb6 Qb8  0-1

[Event "25th Open"]
[Site "St Veit AUT"]
[Date "2006.07.12"]
[Round "5"]
[White "Kiss,At"]
[Black "Smole,A"]
[Result "0-1"]
[WhiteElo "2399"]
[BlackElo "2136"]

1.d4 Nf6 2.c4 e6 3.g3 d5 4.Bg2 Be7 5.Nf3 O-O 6.O-O b6 7.Nc3 Bb7 8.cxd5 exd5
9.Qc2 c6 10.Ne5 Nbd7 11.Bf4 a6 12.Rad1 Re8 13.a3 Bf8 14.Qb3 b5 15.e4 Nb6
16.Rfe1 h6 17.h4 Nc4 18.Qc2 Nd6 19.Qb3 Nc4 20.Nxc4 dxc4 21.Qc2 Qb6 22.Be3 Rad8
23.Bf3 Bc8 24.Qe2 c5 25.d5 Nd7 26.Bg4 Ne5 27.Bxc8 Rxc8 28.f4 Nd3 29.Rf1 Qg6
30.Kh2 b4 31.h5 Qh7 32.d6 Bxd6 33.e5 Bxe5 34.fxe5 bxc3 35.bxc3 Rxe5 36.Qg4 Rce8
37.Rf3 Qe4 38.Qxe4 Rxe4 39.Bf4 Re2+ 40.Kg1 Ra2  0-1

[Event "Inautomarket Open"]
[Site "Minsk BLR"]
[Date "2006.07.13"]
[Round "4"]
[White "Miroshnichenko,E"]
[Black "Gasanov,E"]
[Result "1/2-1/2"]
[WhiteElo "2616"]
[BlackElo "2443"]

1.Nf3 Nf6 2.c4 e6 3.g3 d5 4.d4 Be7 5.Bg2 O-O 6.Qc2 c5 7.dxc5 Qa5+ 8.Nc3 dxc4
9.Nd2 Qxc5 10.Na4 Qa5 11.Qxc4 Nc6 12.O-O Ne5 13.Qb3 Bd7 14.Nc3 Rab8 15.Nf3 Nxf3+
16.Bxf3 b5 17.Bf4 Rbc8 18.a4 bxa4 19.Nxa4 Qb4 20.Qxb4 Bxb4 21.Rfd1 Bc6 22.Bxc6 Rxc6
23.Rac1 Rxc1 24.Rxc1 Nd5 25.Be5 f6 26.Bd4 a5 27.e4 Ne7 28.Kf1 Kf7 29.Ke2 e5
30.Bb6 Rc8 31.Rxc8 Nxc8 32.Bc5 Bxc5 33.Nxc5 Ke7 34.Kd3 Nb6 35.Kc3 Kd6 36.Nb7+ Kc6
37.Nxa5+ Kb5 38.b4 Na4+ 39.Kb3 Nb6 40.Nb7 Nc4 41.Kc3 h5 42.h3 g6 43.g4 h4
44.Nc5 Nd6 45.f3 g5 46.Nd7 Ne8 47.Kb3 Kc6 48.Nf8 Kb5 49.Nh7 Nc7 50.Nxf6 Ne6
51.Nh7 Nd4+ 52.Kb2 Nxf3 53.Kc3 Ng1 54.Nxg5 Ne2+ 55.Kd3 Nf4+ 56.Ke3 Kxb4 57.Nf7 Nxh3
58.Nxe5 Ng5 59.Kf4 Ne6+ 60.Kf5 Nd4+ 61.Kf6 h3 62.Nd3+ Kc4 63.Nf2 h2 64.g5 Ne2
65.g6 Ng3 66.Ke5 Nh5 67.Kd6 Nf6 68.Ke7 Nh5 69.Kd6 Nf6 70.Nh1 Kd4 71.e5 Ne8+
72.Ke6 Ke4 73.Ke7 Kxe5 74.Kxe8  1/2-1/2

[Event "XXIV Andorra Open"]
[Site "Andorra la Vella AND"]
[Date "2006.07.15"]
[Round "8"]
[White "Sareen,V"]
[Black "Abhyudaya,R"]
[Result "1/2-1/2"]
[WhiteElo "2396"]
[BlackElo "2079"]

1.d4 d5 2.c4 e6 3.Nf3 Nf6 4.g3 Be7 5.Bg2 O-O 6.O-O c5 7.cxd5 Nxd5 8.Nc3 Nc6
9.Nxd5 exd5 10.dxc5 Bxc5 11.Qc2 Bb6 12.Rd1 h6 13.b3 Bg4 14.Bb2 Re8 15.Qd2 Qd7
16.e3 Rad8 17.Rdc1 Bxf3 18.Bxf3 Qf5 19.Bg2 d4 20.e4 Qb5 21.Rd1 Ne5 22.Rac1 Re7
23.h3 Red7 24.f4 Ng6  1/2-1/2

[Event "Open A"]
[Site "Banska Stiavnica SVK"]
[Date "2006.07.15"]
[Round "8"]
[White "Borik,J"]
[Black "Grecescu,G"]
[Result "1/2-1/2"]
[WhiteElo "2199"]
[BlackElo "2395"]

1.d4 Nf6 2.c4 e6 3.Nf3 d5 4.g3 Be7 5.Bg2 O-O 6.O-O Nbd7 7.Qb3 c6 8.Nc3 b6
9.cxd5 exd5 10.Bf4 Bb7 11.Rfd1 Rc8 12.Rac1 Nh5 13.Bd2 f5 14.e4 fxe4 15.Nxe4 h6
16.Re1 Nhf6 17.Nc3 c5 18.Nh4 c4 19.Qc2 Rf7 20.Ng6 Bb4 21.Bh3 Bxc3 22.Bxc3 Ne4
23.Be6 Qf6 24.Nf4 Rf8 25.Rxe4 dxe4 26.d5 Qd8 27.Qxe4 Nc5 28.Bxf7+ Rxf7 29.Qxc4 Qd7
30.Re1 Qf5 31.b4 Nd7 32.Qe4 Qxe4 33.Rxe4 g5 34.Re8+ Rf8 35.Re7 Rf7 36.Re8+ Rf8
37.Rxf8+ Kxf8 38.Ne6+ Ke7 39.Nc7 g4 40.h3 h5 41.hxg4 hxg4 42.Bd2 Ne5 43.Kf1 Kd7
44.d6 Kxd6 45.Bf4 Kxc7 46.Bxe5+ Kc6 47.a3 Kd5 48.Bc3  1/2-1/2

[Event "Inautomarket Open"]
[Site "Minsk BLR"]
[Date "2006.07.15"]
[Round "6"]
[White "Lastin,A"]
[Black "Kravtsiv,M"]
[Result "1-0"]
[WhiteElo "2613"]
[BlackElo "2450"]

1.d4 Nf6 2.c4 e6 3.g3 d5 4.Bg2 Be7 5.Nf3 O-O 6.O-O dxc4 7.Qc2 a6 8.Qxc4 b5
9.Qc2 Bb7 10.Bd2 Be4 11.Qc1 Nc6 12.Be3 Nb4 13.Nbd2 Bg6 14.Ne5 Nfd5 15.Bf4 Bh5
16.a3 Nxf4 17.gxf4 Nd5 18.e3 Bd6 19.Ne4 f6 20.Nf3 Qe8 21.Qd2 Nb6 22.Rac1 Rd8
23.Qc3 Kh8 24.Qc6 Nc4 25.Qxe8 Bxe8 26.Rc2 Bg6 27.Nfd2 Nxd2 28.Rxd2 Bxe4 29.Bxe4 e5
30.fxe5 fxe5 31.d5 Rb8 32.Rc1 Rb7 33.Kf1 g6 34.Ke2 a5 35.h4 a4 36.h5 gxh5
37.Rh1 b4 38.Rxh5 Rf7 39.Bg6 Re7 40.Bc2 bxa3 41.bxa3 Rb2 42.Bxa4 Rxd2+ 43.Kxd2 Bxa3
44.Bc2 Bd6 45.Bf5 Rg7 46.Kd3 Re7 47.Ke4 Rf7 48.f3 Re7 49.Be6 Kg7 50.Kf5 Re8
51.Rg5+ Kh6 52.Kg4 Re7 53.Rh5+ Kg7 54.e4 Kf6 55.f4 Rg7+ 56.Kf3 exf4 57.e5+ Bxe5
58.Rf5+ Ke7 59.Rxe5 Kd6 60.Kxf4 c6 61.dxc6 Kxc6 62.Rh5 Kd6 63.Bf5 Rf7 64.Ke4 Ra7
65.Rh6+ Kc5 66.Bxh7 Ra4+ 67.Ke5 Ra7 68.Bf5 Ra5 69.Rh8 Kc4+ 70.Ke4 Kc5 71.Rd8 Kc6
72.Be6 Kc7 73.Rd1 Rc5 74.Bd5 Kd6 75.Ra1 Rc2 76.Ra6+ Kc7 77.Kd4 Kd7 78.Ke5 Re2+
79.Be4 Kc7 80.Rc6+ Kd7 81.Rb6 Kc7 82.Rb7+ Kc8 83.Rg7 Re1 84.Re7 Kd8 85.Ra7 Kc8
86.Kd5 Rd1+ 87.Kc6 Kd8 88.Bd5 Ke8 89.Kd6 Kf8 90.Rf7+ Ke8 91.Rf2 Rd3 92.Rg2  1-0

[Event "6th TCh-Euro u18 Girls"]
[Site "Balatonlelle HUN"]
[Date "2006.07.18"]
[Round "7"]
[White "Ignacz,M"]
[Black "Kiss,K"]
[Result "1/2-1/2"]
[WhiteElo "2255"]
[BlackElo "2066"]

1.d4 d5 2.c4 e6 3.Nf3 Nf6 4.g3 Be7 5.Bg2 O-O 6.O-O Nbd7 7.Nbd2 c6 8.Qc2 b6
9.e4 Bb7 10.Rd1 Rc8 11.b3 Qc7 12.Bb2 dxe4 13.Nxe4 c5 14.Nxf6+ Nxf6 15.d5 exd5
16.Be5 Qd7 17.Ng5 g6 18.cxd5 Nxd5 19.Nh3 Qe6 20.Qb2 Rcd8 21.Re1 Qd7 22.Rad1 Bc6
23.Qc1 f6 24.Bb2 Qb7 25.Qc4 b5 26.Qe2 Rf7 27.Bxd5 Bxd5  1/2-1/2

[Event "ch-SUI"]
[Site "Lenzerheide SUI"]
[Date "2006.07.20"]
[Round "8"]
[White "Kuemin,S"]
[Black "Jenni,F"]
[Result "0-1"]
[WhiteElo "2389"]
[BlackElo "2481"]

1.d4 Nf6 2.c4 e6 3.g3 d5 4.Nf3 Be7 5.Bg2 O-O 6.O-O dxc4 7.Ne5 Nc6 8.Nxc6 bxc6
9.e3 Nd5 10.Qa4 c5 11.dxc5 Bxc5 12.Qxc4 Qd6 13.Rd1 Ba6 14.Qa4 Qb6 15.Nc3 Nxc3
16.bxc3 Be2 17.Rd2 Bb5 18.Qb3 Rad8 19.Rxd8 Rxd8 20.Ba3 a5 21.Bxc5 Qxc5 22.Rd1 Rd6
23.Bf1 Be8 24.Rd4 Kf8 25.Qb8 Qb6 26.Qc8 Ke7 27.Rc4 Bc6 28.Qg8 Rd1 29.Rf4 Rxf1+
30.Kxf1 Qb1+ 31.Ke2 Qc2+ 32.Ke1 Qxc3+ 33.Ke2 Qc2+ 34.Ke1 Qc1+ 35.Ke2 Bb5+
36.Kf3 Qd1+  0-1

[Event "XI Open"]
[Site "Balaguer ESP"]
[Date "2006.07.21"]
[Round "5"]
[White "Vilela,JL"]
[Black "Rizouk,A"]
[Result "1/2-1/2"]
[WhiteElo "2355"]
[BlackElo "2447"]

1.Nf3 Nf6 2.c4 e6 3.g3 d5 4.d4 Be7 5.Bg2 O-O 6.O-O dxc4 7.Qc2 a6 8.Qxc4 b5
9.Qc2 Bb7 10.Bg5 Nbd7 11.Bxf6 Nxf6 12.Nbd2 Rc8 13.Nb3 c5  1/2-1/2

[Event "Czech Open A"]
[Site "Pardubice CZE"]
[Date "2006.07.21"]
[Round "1"]
[White "Haba,P"]
[Black "Freisler,P"]
[Result "1/2-1/2"]
[WhiteElo "2514"]
[BlackElo "2306"]

1.d4 Nf6 2.c4 e6 3.g3 d5 4.Bg2 Be7 5.Nf3 O-O 6.O-O Nbd7 7.Qc2 c6 8.b3 b6
9.Rd1 Ba6 10.Nbd2 Rc8 11.e4 c5 12.exd5 exd5 13.Bb2 dxc4 14.d5 cxb3 15.axb3 Be2
16.Re1 Bxf3 17.Nxf3 a5 18.d6 Bxd6 19.Rad1 Qc7 20.Qd3 Ne8 21.Ng5 g6 22.Bh3 Rd8
23.Rxe8 Rfxe8 24.Qxd6 Qxd6 25.Rxd6 Nf8 26.Rxb6 Rb8 27.Rxb8 Rxb8 28.Ne4 Rxb3
29.Be5 Rb1+ 30.Kg2 Re1 31.Nf6+ Kg7  1/2-1/2